000 00442nam a2200157Ia 4500
008 210716s2005 xx 000 0 und d
020 _a9788177225716
041 _aeng
082 _a658.4092 DUBA
100 _aDuBrin, Andrew J.
245 _aLeadership: research finding practice and skills.
_bResearch finding practice and skills.
250 _a4
260 _aNew Delhi
_bBiztantra
_c2005
300 _axxiv,572
650 _aLeadership
999 _c201383
_d201383